SR ako súčasť EÚ vo vzťahu k regiónu Blízkeho a Stredného východu a Severnej Afriky - Stredomorská iniciatíva a mierový proces na BSV

Slovenská republika ako súčasť Stredomorskej iniciatívy a mierového procesu na Blízkom východe. Základy Stredomorskej iniciatívy. Zóna voľného obchodu Stredomorskej iniciatívy. Mierový proces na Blízkom a strednom východe.

Na minha lista:
Detalhes bibliográficos
Autor principal: Havlová, Katarína
Formato: Capítulo de Livro
Idioma:eslovaco
Assuntos:
Tags: Adicionar Tag
Sem tags, seja o primeiro a adicionar uma tag!

MARC

LEADER 00000naa$a2200000$$$4500
001 0058557
005 20220729111443.4
041 0 |a slo 
044 |a SK 
245 1 0 |a SR ako súčasť EÚ vo vzťahu k regiónu Blízkeho a Stredného východu a Severnej Afriky - Stredomorská iniciatíva a mierový proces na BSV  |c Katarína Havlová 
520 |a Slovenská republika ako súčasť Stredomorskej iniciatívy a mierového procesu na Blízkom východe. Základy Stredomorskej iniciatívy. Zóna voľného obchodu Stredomorskej iniciatívy. Mierový proces na Blízkom a strednom východe. 
610 2 0 |a Blízky východ 
610 2 0 |a politika zahraničná 
610 2 0 |a politika bezpečnostná 
610 2 0 |a Stredný východ 
610 2 0 |a Európska únia 
610 2 0 |a Afrika 
610 2 0 |a Slovensko 
100 1 |a Havlová, Katarína